| 000 | 00552nam a2200229Ia 4500 | ||
|---|---|---|---|
| 003 | OSt | ||
| 005 | 20220912153039.0 | ||
| 006 | a|||||r|||| 00| 0 | ||
| 007 | ta | ||
| 008 | 220909b |||||||| |||| 00| 0 eng d | ||
| 024 | _a23756 | ||
| 037 | _cTextual | ||
| 040 |
_aCSL _beng _cCSL |
||
| 041 | _aeng | ||
| 082 | _aU2.2g7h, L6 | ||
| 100 | _aKalvoda J | ||
| 245 | 0 | _aRelief of himalayas and its recent modellation | |
| 260 | _c1982 | ||
| 300 |
_ap. _ccm. |
||
| 942 |
_hU2.2g7h, L6 _cTEXL _2CC |
||
| 999 |
_c97162 _d97162 |
||